| 000 | 01329cad a22003015a 4500 | ||
|---|---|---|---|
| 001 | L159435 | ||
| 008 | 110329s2017 xxk f 000 0 eng d | ||
| 020 | _a9781783211951 | ||
| 035 | _a(Sirsi) u159435 | ||
| 041 | 0 | _aeng | |
| 110 | 2 |
_aRoyal Institution of Chartered Surveyors _94900 |
|
| 245 | 0 | 0 |
_aMake Good Guide _h[electronic resource] _c[old edition] |
| 250 | _a2nd ed. | ||
| 260 |
_aLondon _bRICS _c2017 |
||
| 300 | _a29p. | ||
| 490 | 0 | _aRICS Guidance Note | |
| 520 | _aThis guidance note is written for any property professional involved in make-good works during or at the end of a lease term. It deals primarily with commercial and industrial premises within Australia, providing advice to lessors and lessees in regard to their legal obligations to repair, decorate or reinstate leased premises. Effective from 1st August 2017 to October 2023. | ||
| 520 | _aSuperseded by 3rd edition, published October 2023, called Make Good Australia ISBN 9781783215027 | ||
| 521 | _aAdvanced | ||
| 590 | _aKA | ||
| 650 | 2 | 4 | _aREINSTATEMENT |
| 650 | 2 | 4 | _aLEASE OBLIGATIONS |
| 651 | 4 | _aAustralia | |
| 690 |
_aLandlord and tenant _96252 |
||
| 690 |
_aCommercial property _96227 |
||
| 856 | 4 | 0 |
_uhttps://www.isurv.com/downloads/download/2183/make_good_guide _zArchived on iSurv (subscription required) |
| 942 |
_n0 _2ddc |
||
| 999 |
_c115896 _d115896 |
||